| 000 | 005610000a22001090004500 | ||
|---|---|---|---|
| 100 | 1 | _aSusin, Luiz Carlos | |
| 245 | 1 | 0 | _aReflexiones sobre el trayecto : un clamor y una luz que vienen de todas partes |
| 300 | _aVol.319, núm.319 (Febrero, 2007), Páginas 151-156 | ||
| 520 | _aAl final de este trayecto realizado en compañia de voces diversas, llega el momento de subrayar los rasgos más relevantes y recurrentes de los textos de los autores, además de llamar la atención sobre algunas novedades que invitan a avanzar. | ||
| 773 | 0 | _tConcilium | |
| 942 | _cANA | ||
| 999 |
_c62059 _d62059 |
||